LEADER 01347nam a2200301 i 4500 001 000000173983 003 CaOOAMICUS 005 20080807000000.0 008 080807s2008 it u000 u ita u 013 $a151437 020 $a978-88-6190-050-9 040 $aSeMil$bita 100 1 $aPetruzzelli, Pino,$d<1962- >.$0(OLS)http://semarc/name/64990 245 10$aNon chiamarmi zingaro /$cPino Petruzzelli ; [con un contributo di Predrag Matvejevic]. 260 $aMilano :$bChiarelettere,$c2008. 300 $aXXI, 227 p. ;$c20 cm. 490 0 $aReverse : pamphlet, documenti, storie 500 $aIn cop.: Tutti hanno paura dei rom ma nessuno li conosce, perseguitati e diversi da sempre, a loro la parola . - Dono del Card. Dionigi Tettamanzi. 650 4$aZingari - Italia.$0(OLS)http://semarc/subject/33163 700 1 $aMatvejevic, Predrag <1932-2017>.$0(OLS)http://semarc/name/93225 830 0$aReverse.$0(OLS)http://semarc/title/25066 850 $aSeMil 852 $aSeMil$W1$xVenegono$y1$m3N IV 504$j124828$B124828$CSeMilBibl$Z2$F136198 $81 941 1 $a5 961 $aOmaggio: Tettamanzi Card. Dionigi 996 $6020$a978-88-6190-050-9$9(OLS)http://semarc/number/161785 996 $6245$aNon chiamarmi zingaro$9(OLS)http://semarc/title/249330 996 $6260$aMilano :$bChiarelettere$9(OLS)http://semarc/publisher/35000 LEADER 01632nam a2200313 4500 001 000000347466 003 CaOOAMICUS 005 20210827094430.0 008 210827s2021 it a 000 u ita r 020 $a978-88-922256-8-8 040 $aSeMil$bita 100 1 $aPapantuono, Matteo.$0(OLS)http://semarc/name/114501 245 10$aVincere senza combattere :$btecniche e strategie per risolvere le difficoltà sociali, emotive e comportamentali di bambini e adolescenti /$cMatteo Papantuono, Claudette Portelli, Padraic Gibson ; [prefazione di Giorgio Nardone]. 264 1$aCinisello Balsamo :$bSan Paolo,$c2021. 300 $a364 p. :$bill. ;$c21 cm 490 1 $aPsicologia ;$v94 650 4$aBambini - Psicologia.$0(OLS)http://semarc/subject/48369 650 4$aAdolescenti - Psicologia.$0(OLS)http://semarc/subject/8605 700 1 $aPortelli, Claudette.$0(OLS)http://semarc/name/114502 700 1 $aGibson, Padraic.$0(OLS)http://semarc/name/114503 700 1 $aNardone, Giorgio,$d<1958- >.$0(OLS)http://semarc/name/91761 830 0$aPsicologia ;$v94.$0(OLS)http://semarc/title/436694 850 $aSeMil 852 $aSeMil$W1$xVenegono$y1$m2Q VII 141$j229578$B238542$CSeMilBibl$Z2$F238542 $81 961 $aBraccini Anna Maria - Omaggio 996 $6020$a978-88-922256-8-8$9(OLS)http://semarc/number/293934 996 $6245$aVincere senza combattere :$btecniche e strategie per risolvere le difficoltà sociali, emotive e comportamentali di bambini e adolescenti$9(OLS)http://semarc/title/436754 996 $6264$aCinisello Balsamo :$bSan Paolo$9(OLS)http://semarc/publisher/30129